[Event "Titled Tuesday intern op 18th Aug"]
[Site "Chess.com INT"]
[Date "2020.08.18"]
[Round "2"]
[White "Arabidze, Meri"]
[Black "Grischuk, Alexander"]
[Result "0-1"]
[WhiteElo "2428"]
[BlackElo "2777"]
[PlyCount "98"]
[EventDate "2020.08.18"]
[EventType "swiss (blitz)"]
[EventRounds "10"]
[EventCountry "USA"]
[SourceTitle "CBM 197 Extra"]
[Source "ChessBase"]
[SourceDate "2020.09.30"]
[SourceVersion "1"]
[SourceVersionDate "2020.09.30"]
[SourceQuality "1"]

1. d4 e6 2. c4 b6 3. e4 Bb4+ 4. Bd2 Bxd2+ 5. Qxd2 d5 6. Bd3 Nc6 7. Ne2 dxe4 8.
Bxe4 Bb7 9. Nbc3 Nf6 10. Bf3 O-O 11. O-O Qc8 12. b3 Ne7 13. Bxb7 Qxb7 14. Rad1
Rad8 15. Qf4 Rd7 16. Rd2 Rfd8 17. Rfd1 h6 18. h3 a6 19. a4 Ng6 20. Qg3 c5 21.
Rd3 cxd4 22. Rxd4 Rxd4 23. Rxd4 Rxd4 24. Nxd4 Qc8 25. Qd6 Qb7 26. Qc6 Qb8 27.
g3 Ne5 28. Qg2 Qd6 29. Nce2 a5 30. Qa8+ Kh7 31. Qb7 Ned7 32. Qc6 Qxc6 33. Nxc6
Nc5 34. Ned4 Nfd7 35. f4 f6 36. Kf2 e5 37. fxe5 fxe5 38. Nf3 Nxb3 39. Nfxe5
Nxe5 40. Nxe5 Nc5 41. Ke3 Nxa4 42. Nd7 g5 43. Kd4 Kg6 44. g4 Kf7 45. Kd5 Nc3+
46. Kc6 a4 47. Kxb6 a3 48. Nc5 Na4+ 49. Nxa4 a2 0-1

[Event "Titled Tuesday intern op 18th Aug"]
[Site "Chess.com INT"]
[Date "2020.08.18"]
[Round "3"]
[White "Grischuk, Alexander"]
[Black "Murzin, Volodar"]
[Result "1-0"]
[WhiteElo "2777"]
[BlackElo "2465"]
[PlyCount "69"]
[EventDate "2020.08.18"]
[EventType "swiss (blitz)"]
[EventRounds "10"]
[EventCountry "USA"]
[SourceTitle "CBM 197 Extra"]
[Source "ChessBase"]
[SourceDate "2020.09.30"]
[SourceVersion "1"]
[SourceVersionDate "2020.09.30"]
[SourceQuality "1"]

1. Nf3 Nf6 2. d4 g6 3. g3 Bg7 4. Bg2 O-O 5. c4 d6 6. Nc3 Nc6 7. Bf4 Bg4 8. d5
Bxf3 9. exf3 Na5 10. b3 c6 11. dxc6 Nxc6 12. O-O Nd7 13. Rc1 Nc5 14. Be3 a5 15.
f4 e6 16. Nb5 a4 17. Nxd6 axb3 18. Bxc5 bxa2 19. Nxb7 Qxd1 20. Rfxd1 Rfc8 21.
Nd6 Rc7 22. Nb5 Rcc8 23. Bxc6 Rxc6 24. Bd4 Bxd4 25. Nxd4 Rca6 26. Nb3 Ra4 27.
c5 Rb4 28. Na1 Kf8 29. c6 Ke7 30. c7 Rc8 31. Rc2 Rb1 32. Rf1 Kd7 33. Rxa2 Rxf1+
34. Kxf1 Rxc7 35. Nc2 1-0

[Event "Titled Tuesday intern op 18th Aug"]
[Site "Chess.com INT"]
[Date "2020.08.18"]
[Round "4"]
[White "Gharibyan, Mamikon"]
[Black "Grischuk, Alexander"]
[Result "0-1"]
[WhiteElo "2432"]
[BlackElo "2777"]
[PlyCount "102"]
[EventDate "2020.08.18"]
[EventType "swiss (blitz)"]
[EventRounds "10"]
[EventCountry "USA"]
[SourceTitle "CBM 197 Extra"]
[Source "ChessBase"]
[SourceDate "2020.09.30"]
[SourceVersion "1"]
[SourceVersionDate "2020.09.30"]
[SourceQuality "1"]

1. d4 e6 2. Nf3 c5 3. e3 d5 4. c4 Nf6 5. Nc3 Nc6 6. a3 dxc4 7. Bxc4 a6 8. dxc5
Qxd1+ 9. Kxd1 Bxc5 10. b4 Bd6 11. Ke2 Ne5 12. Nxe5 Bxe5 13. Bb2 Bd7 14. Rac1
Rc8 15. Bb3 O-O 16. f3 Rc7 17. Rc2 Rfc8 18. Kd2 Bb5 19. Rd1 Bc4 20. Bxc4 Rxc4
21. Rdc1 Bxh2 22. Na4 Rxc2+ 23. Rxc2 Rxc2+ 24. Kxc2 Nd7 25. f4 h6 26. Kd3 g5
27. Ke4 f5+ 28. Kf3 gxf4 29. exf4 Bg1 30. Bc3 Kf7 31. Nb2 Bb6 32. Nc4 Bc7 33.
a4 Nb6 34. Nxb6 Bxb6 35. Ke2 Bc7 36. Bd2 b5 37. a5 Ke7 38. Kd3 Kd6 39. Bc3 Kd5
40. g3 Bd6 41. Be1 h5 42. Bc3 Be7 43. Be1 Bf6 44. Bf2 Bd8 45. Be1 Be7 46. Bc3
h4 47. gxh4 Bxh4 48. Bd2 Be7 49. Be1 Bf8 50. Bd2 Bd6 51. Bc3 Bxf4 0-1

[Event "Titled Tuesday intern op 18th Aug"]
[Site "Chess.com INT"]
[Date "2020.08.18"]
[Round "6"]
[White "Grischuk, Alexander"]
[Black "Vogel, Roven"]
[Result "1/2-1/2"]
[WhiteElo "2777"]
[BlackElo "2456"]
[PlyCount "114"]
[EventDate "2020.08.18"]
[EventType "swiss (blitz)"]
[EventRounds "10"]
[EventCountry "USA"]
[SourceTitle "CBM 197 Extra"]
[Source "ChessBase"]
[SourceDate "2020.09.30"]
[SourceVersion "1"]
[SourceVersionDate "2020.09.30"]
[SourceQuality "1"]

1. Nf3 d5 2. d4 Nf6 3. c4 e6 4. Nc3 Be7 5. Bf4 O-O 6. e3 Nbd7 7. Be2 dxc4 8.
O-O a6 9. a4 c5 10. d5 exd5 11. Nxd5 Nxd5 12. Qxd5 Nf6 13. Qxd8 Rxd8 14. Bc7
Rd7 15. Ba5 Bd8 16. Bc3 Ne4 17. Ne5 Nxc3 18. bxc3 Re7 19. Nxc4 Be6 20. a5 Rd7
21. Rfb1 Bxc4 22. Bxc4 Bf6 23. Rb3 Rad8 24. g3 Rd1+ 25. Rxd1 Rxd1+ 26. Kg2 Rd7
27. e4 Bd8 28. Ra3 Rd2 29. Bd5 Rb2 30. e5 c4 31. Bxc4 Be7 32. Ra1 Bc5 33. Rd1
Rxf2+ 34. Kh3 h5 35. Rd7 g5 36. e6 fxe6 37. Bxe6+ Kf8 38. Rxb7 Be7 39. g4 h4
40. Rb8+ Kg7 41. Rb7 Kf6 42. Rb6 Ke5 43. Rc6 Bd6 44. Bc4 Rf3+ 45. Kg2 Rxc3 46.
Bb5 h3+ 47. Kf1 Rxc6 48. Bxc6 Bc7 49. Bb7 Bxa5 50. Bxa6 Kf4 51. Kg1 Kxg4 52.
Kh1 Kh4 53. Bc8 Bc7 54. Bd7 g4 55. Bxg4 Kxg4 56. Kg1 Kf3 57. Kh1 Kf2 1/2-1/2

[Event "Titled Tuesday intern op 18th Aug"]
[Site "Chess.com INT"]
[Date "2020.08.18"]
[Round "7"]
[White "Vokhidov, Shamsiddin"]
[Black "Grischuk, Alexander"]
[Result "0-1"]
[WhiteElo "2512"]
[BlackElo "2777"]
[PlyCount "144"]
[EventDate "2020.08.18"]
[EventType "swiss (blitz)"]
[EventRounds "10"]
[EventCountry "USA"]
[SourceTitle "CBM 197 Extra"]
[Source "ChessBase"]
[SourceDate "2020.09.30"]
[SourceVersion "1"]
[SourceVersionDate "2020.09.30"]
[SourceQuality "1"]

1. e4 e5 2. Nf3 Nc6 3. Bb5 Nf6 4. d3 Bc5 5. c3 O-O 6. O-O d6 7. Ba4 Ne7 8. Bg5
Ng6 9. Nh4 h6 10. Nxg6 fxg6 11. Bb3+ Kh7 12. Bh4 g5 13. Bg3 Qe8 14. d4 Bb6 15.
dxe5 dxe5 16. Nd2 Bg4 17. Qe1 Nh5 18. Nc4 Nf4 19. Nxb6 axb6 20. f3 Be6 21. Qe3
Bxb3 22. axb3 Qb5 23. c4 Qc5 24. Qxc5 bxc5 25. Rfd1 Rfd8 26. Bxf4 gxf4 27. Kf2
Rxa1 28. Rxd8 Rb1 29. Rd2 Kg6 30. g3 Kf6 31. Kg2 g5 32. h4 Re1 33. hxg5+ hxg5
34. gxf4 gxf4 35. Rd7 Re2+ 36. Kh3 Rf2 37. Kg4 Rg2+ 38. Kh4 Rg3 39. Rxc7 Rxf3
40. Rxb7 Re3 41. Rb6+ Ke7 42. Kg5 Rxe4 43. Kf5 Re3 44. b4 cxb4 45. c5 f3 46.
Rb7+ Kd8 47. Ke6 e4 48. c6 Rd3 49. Rf7 Kc8 50. Ke5 e3 51. Rxf3 e2 52. Rxd3
e1=Q+ 53. Kd4 Qc1 54. Rb3 Kc7 55. Rxb4 Kd6 56. c7 Qxc7 57. Rc4 Qa5 58. Kd3 Kd5
59. b3 Qa2 60. Kc3 Qb1 61. Rd4+ Ke5 62. Rc4 Qc1+ 63. Kb4 Qb2 64. Rc5+ Kd4 65.
Rc4+ Kd3 66. Ka4 Qa1+ 67. Kb4 Qa2 68. Rc6 Qa7 69. Rd6+ Kc2 70. Rc6+ Kb2 71. Rc4
Qb6+ 72. Ka4 Qxb3+ 0-1

[Event "Titled Tuesday intern op 18th Aug"]
[Site "Chess.com INT"]
[Date "2020.08.18"]
[Round "8"]
[White "Grischuk, Alexander"]
[Black "Keymer, Vincent"]
[Result "1-0"]
[WhiteElo "2777"]
[BlackElo "2568"]
[PlyCount "73"]
[EventDate "2020.08.18"]
[EventType "swiss (blitz)"]
[EventRounds "10"]
[EventCountry "USA"]
[SourceTitle "CBM 197 Extra"]
[Source "ChessBase"]
[SourceDate "2020.09.30"]
[SourceVersion "1"]
[SourceVersionDate "2020.09.30"]
[SourceQuality "1"]

1. Nf3 d5 2. d4 Nf6 3. Bf4 e6 4. Nbd2 Bd6 5. Bg5 h6 6. Bxf6 gxf6 7. e4 c6 8.
Bd3 b6 9. Qe2 Nd7 10. O-O Bb7 11. c4 dxe4 12. Nxe4 Be7 13. Rad1 Qc7 14. a3
O-O-O 15. b4 Kb8 16. c5 h5 17. a4 h4 18. Qa2 Rdg8 19. a5 Qf4 20. Qe2 b5 21. Kh1
a6 22. Rg1 f5 23. Ned2 Bd8 24. Qe3 Qg4 25. Be2 Qg6 26. Ne5 Nxe5 27. dxe5 Bc7
28. f4 Rd8 29. Nf3 Rd5 30. Rxd5 cxd5 31. Nd4 Rg8 32. Bf3 Bd8 33. Rc1 Kc7 34.
Rc2 Be7 35. c6 Bc8 36. Nxe6+ fxe6 37. Qb6# 1-0

[Event "Titled Tuesday intern op 18th Aug"]
[Site "Chess.com INT"]
[Date "2020.08.18"]
[Round "9"]
[White "Artemiev, Vladislav"]
[Black "Grischuk, Alexander"]
[Result "1-0"]
[WhiteElo "2716"]
[BlackElo "2777"]
[PlyCount "118"]
[EventDate "2020.08.18"]
[EventType "swiss (blitz)"]
[EventRounds "10"]
[EventCountry "USA"]
[SourceTitle "CBM 197 Extra"]
[Source "ChessBase"]
[SourceDate "2020.09.30"]
[SourceVersion "1"]
[SourceVersionDate "2020.09.30"]
[SourceQuality "1"]

1. d4 d5 2. Bg5 h6 3. Bh4 c5 4. e3 Qb6 5. Nc3 e6 6. Rb1 cxd4 7. exd4 Nc6 8. Nf3
Bd7 9. Bg3 a6 10. Qd2 Rc8 11. Be2 Nge7 12. Na4 Qb4 13. b3 Nf5 14. c3 Qa5 15.
O-O Nxg3 16. hxg3 Bd6 17. Bd1 Ne7 18. b4 Qc7 19. Nc5 Bb5 20. Be2 Bxe2 21. Qxe2
O-O 22. Rfc1 a5 23. Qb5 b6 24. Nd7 Rfd8 25. Nxb6 Rb8 26. bxa5 Qa7 27. Rb3 Bc7
28. Rcb1 Nf5 29. Qc6 Rd6 30. Qc5 Rdd8 31. Na4 Qxc5 32. Nxc5 Ra8 33. a6 Bd6 34.
Nb7 Rdc8 35. Nxd6 Nxd6 36. Ra3 Rc7 37. Ne5 f6 38. Nd3 Nc4 39. Ra4 Nd2 40. Rb7
Rxc3 41. a7 Kh7 42. Rb8 Rxa7 43. Rxa7 Rxd3 44. Rbb7 Kg6 45. g4 Kg5 46. Rxg7+
Kf4 47. Raf7 Ne4 48. f3 Kg3 49. Kf1 Nd2+ 50. Ke2 Rxd4 51. Rxf6 Nc4 52. Rxe6
Rd2+ 53. Ke1 Rxa2 54. g5 h5 55. g6 d4 56. Rd7 Ne3 57. Rxe3 dxe3 58. g7 Kxg2 59.
g8=Q+ Kxf3 1-0

[Event "Titled Tuesday intern op 18th Aug"]
[Site "Chess.com INT"]
[Date "2020.08.18"]
[Round "10"]
[White "Galchenko, Matvey"]
[Black "Grischuk, Alexander"]
[Result "1-0"]
[WhiteElo "2433"]
[BlackElo "2777"]
[PlyCount "101"]
[EventDate "2020.08.18"]
[EventType "swiss (blitz)"]
[EventRounds "10"]
[EventCountry "USA"]
[SourceTitle "CBM 197 Extra"]
[Source "ChessBase"]
[SourceDate "2020.09.30"]
[SourceVersion "1"]
[SourceVersionDate "2020.09.30"]
[SourceQuality "1"]

1. c4 e5 2. g3 c6 3. Nf3 e4 4. Nd4 d5 5. cxd5 Qxd5 6. Nc2 Nf6 7. Nc3 Qe5 8. Ne3
Na6 9. a3 h5 10. h4 Bc5 11. Qc2 O-O 12. b4 Bd4 13. Bb2 Nc7 14. Bg2 Re8 15. Rb1
Bf5 16. Na4 Bg6 17. Bxd4 Qxd4 18. Nc5 b6 19. Nb3 Qd6 20. O-O Ncd5 21. Rbc1 Rac8
22. Bh3 Rc7 23. Rfd1 Ree7 24. Qb2 Nd7 25. Nd4 Qe5 26. Qa1 Nb8 27. Ndf5 Bxf5 28.
Nxf5 Re8 29. Qxe5 Rxe5 30. Nd4 g6 31. Rc4 f5 32. Rdc1 Ne7 33. Bg2 a6 34. d3
exd3 35. exd3 c5 36. Nb3 Nd7 37. d4 Re2 38. dxc5 b5 39. Rd4 Ne5 40. Rd6 Kf7 41.
Nd4 Ra2 42. Re1 Nd3 43. Re2 Rxa3 44. Ne6 Ra7 45. Nd8+ Kg7 46. c6 Rc3 47. Rd7
Rxd7 48. cxd7 Kf6 49. Ne6 Rc1+ 50. Kh2 Ne5 51. Rxe5 1-0

[Event "Titled Tuesday intern op 1st Sept"]
[Site "Chess.com INT"]
[Date "2020.09.01"]
[Round "1"]
[White "Alinasab, Mobina"]
[Black "Grischuk, Alexander"]
[Result "0-1"]
[WhiteElo "2317"]
[BlackElo "2777"]
[PlyCount "72"]
[EventDate "2020.09.01"]
[EventType "swiss (blitz)"]
[EventRounds "10"]
[EventCountry "USA"]
[SourceTitle "EXT 2021"]
[Source "ChessBase"]
[SourceDate "2020.10.23"]
[SourceVersion "1"]
[SourceVersionDate "2020.10.23"]
[SourceQuality "1"]

1. e4 c5 2. Nf3 d6 3. d4 cxd4 4. Nxd4 Nf6 5. Nc3 a6 6. h3 e6 7. g4 Nfd7 8. g5
b5 9. a3 Bb7 10. h4 Be7 11. Be3 Nc6 12. Nxc6 Bxc6 13. Qd4 O-O 14. O-O-O Rb8 15.
Kb1 a5 16. b4 axb4 17. axb4 Qc8 18. Kb2 Ra8 19. Be2 Qb7 20. Ra1 Ne5 21. f4 Nc4+
22. Bxc4 bxc4 23. Qb6 Bxe4 24. Qxb7 Bxb7 25. Rxa8 Rxa8 26. Ra1 Rxa1 27. Kxa1 f6
28. b5 Kf7 29. Kb2 e5 30. fxe5 fxe5 31. Bf2 Ke6 32. Na4 h6 33. gxh6 gxh6 34.
Nb6 d5 35. Na4 d4 36. Nc5+ Bxc5 0-1

[Event "Titled Tuesday intern op 1st Sept"]
[Site "Chess.com INT"]
[Date "2020.09.01"]
[Round "2"]
[White "Grischuk, Alexander"]
[Black "Kalashian, David"]
[Result "1/2-1/2"]
[WhiteElo "2777"]
[BlackElo "2398"]
[PlyCount "84"]
[EventDate "2020.09.01"]
[EventType "swiss (blitz)"]
[EventRounds "10"]
[EventCountry "USA"]
[SourceTitle "EXT 2021"]
[Source "ChessBase"]
[SourceDate "2020.10.23"]
[SourceVersion "1"]
[SourceVersionDate "2020.10.23"]
[SourceQuality "1"]

1. e4 c5 2. Nf3 a6 3. c3 Nf6 4. e5 Nd5 5. d4 cxd4 6. cxd4 Nc6 7. Bc4 Nb6 8. Bb3
d5 9. h3 Bf5 10. Nc3 e6 11. O-O h6 12. Ne2 Rc8 13. Ng3 Bg6 14. Bd2 Be4 15. Bc3
Bb4 16. Nxe4 dxe4 17. Nd2 Bxc3 18. bxc3 e3 19. fxe3 Nd5 20. Qf3 O-O 21. Ne4 Na5
22. Rac1 Nc4 23. Rfe1 Qa5 24. Qg3 Kh8 25. Kh2 Nb2 26. Rc2 Nc4 27. Nc5 Rxc5 28.
dxc5 Qxc5 29. e4 Ne7 30. Bxc4 Qxc4 31. Rd2 b5 32. Rd7 Ng6 33. h4 Qc5 34. Red1
Nxe5 35. Rd8 Rxd8 36. Rxd8+ Kh7 37. Ra8 h5 38. Qg5 Ng4+ 39. Kh1 Nf2+ 40. Kh2
Ng4+ 41. Kh1 Nf2+ 42. Kh2 Ng4+ 1/2-1/2

[Event "Titled Tuesday intern op 1st Sept"]
[Site "Chess.com INT"]
[Date "2020.09.01"]
[Round "3"]
[White "Matinian, Nikita"]
[Black "Grischuk, Alexander"]
[Result "0-1"]
[WhiteElo "2475"]
[BlackElo "2777"]
[PlyCount "88"]
[EventDate "2020.09.01"]
[EventType "swiss (blitz)"]
[EventRounds "10"]
[EventCountry "USA"]
[SourceTitle "EXT 2021"]
[Source "ChessBase"]
[SourceDate "2020.10.23"]
[SourceVersion "1"]
[SourceVersionDate "2020.10.23"]
[SourceQuality "1"]

1. e4 c5 2. Nf3 d6 3. d4 cxd4 4. Nxd4 Nf6 5. Nc3 a6 6. h3 e6 7. g4 Nfd7 8. Bg2
Be7 9. g5 b5 10. a3 Bb7 11. h4 Nc6 12. Rh3 Rc8 13. f4 O-O 14. Be3 Nb6 15. b3 d5
16. e5 Nxe5 17. Bf2 Ng6 18. Qg4 Qc7 19. Nce2 Bd6 20. h5 Nxf4 21. Nxf4 Bxf4 22.
g6 h6 23. gxf7+ Qxf7 24. Rf3 Nd7 25. Bh3 Ne5 26. Rxf4 Qxf4 27. Qxf4 Rxf4 28.
Bxe6+ Kh7 29. Bxc8 Bxc8 30. Be3 Rxd4 31. Bxd4 Nf3+ 32. Ke2 Nxd4+ 33. Kd3 Nf3
34. a4 b4 35. Ke3 Bg4 36. a5 d4+ 37. Ke4 Bxh5 38. Ra4 g5 39. Rxb4 g4 40. Rb7+
Kg6 41. Rb6+ Kg5 42. Rxa6 g3 43. Ra8 Kh4 44. Rg8 Ng5+ 0-1

[Event "Titled Tuesday intern op 1st Sept"]
[Site "Chess.com INT"]
[Date "2020.09.01"]
[Round "5"]
[White "Vaibhav, Suri"]
[Black "Grischuk, Alexander"]
[Result "0-1"]
[WhiteElo "2600"]
[BlackElo "2777"]
[PlyCount "41"]
[EventDate "2020.09.01"]
[EventType "swiss (blitz)"]
[EventRounds "10"]
[EventCountry "USA"]
[SourceTitle "EXT 2021"]
[Source "ChessBase"]
[SourceDate "2020.10.23"]
[SourceVersion "1"]
[SourceVersionDate "2020.10.23"]
[SourceQuality "1"]

1. e4 c5 2. Nf3 d6 3. d4 cxd4 4. Nxd4 Nf6 5. Nc3 a6 6. Be2 e5 7. Nb3 Be7 8. Be3
Be6 9. f4 exf4 10. Bxf4 Nc6 11. Qd2 d5 12. exd5 Nxd5 13. Nxd5 Qxd5 14. O-O-O
Qe4 15. Kb1 O-O 16. Qe3 Qa4 17. a3 Rfe8 18. Bf3 Rac8 19. Bxc6 Rxc6 20. Nd4 Bc5
21. Qe4 0-1

[Event "Titled Tuesday intern op 1st Sept"]
[Site "Chess.com INT"]
[Date "2020.09.01"]
[Round "6"]
[White "Grischuk, Alexander"]
[Black "Rasulov, Vugar Ural Oglu"]
[Result "1-0"]
[WhiteElo "2777"]
[BlackElo "2478"]
[PlyCount "83"]
[EventDate "2020.09.01"]
[EventType "swiss (blitz)"]
[EventRounds "10"]
[EventCountry "USA"]
[SourceTitle "EXT 2021"]
[Source "ChessBase"]
[SourceDate "2020.10.23"]
[SourceVersion "1"]
[SourceVersionDate "2020.10.23"]
[SourceQuality "1"]

1. e4 c6 2. d4 d5 3. e5 Bf5 4. Be2 e6 5. Nf3 Nd7 6. O-O Ne7 7. c3 h6 8. a4 Bh7
9. a5 a6 10. b4 Nf5 11. Bd3 Be7 12. Qc2 Bg6 13. Nbd2 O-O 14. Nb3 Nh4 15. Nxh4
Bxd3 16. Qxd3 Bxh4 17. Bd2 Be7 18. Rae1 b6 19. Ra1 c5 20. Qg3 Kh8 21. axb6 cxb4
22. b7 Rb8 23. Na5 bxc3 24. Qxc3 Nb6 25. Rfb1 Nc4 26. Nxc4 dxc4 27. Qxc4 Qd7
28. Qxa6 Qxd4 29. Be3 Qxe5 30. g3 Bc5 31. Rb5 Rxb7 32. Rxc5 Qe4 33. Qc6 Rb1+
34. Rxb1 Qxb1+ 35. Rc1 Qf5 36. Kg2 Kg8 37. Qf3 Qb5 38. Rc7 f6 39. h4 Rf7 40.
Qa8+ Rf8 41. Qa7 Qd5+ 42. Kh2 1-0

[Event "Titled Tuesday intern op 1st Sept"]
[Site "Chess.com INT"]
[Date "2020.09.01"]
[Round "7"]
[White "Grachev, Boris V"]
[Black "Grischuk, Alexander"]
[Result "1/2-1/2"]
[WhiteElo "2612"]
[BlackElo "2777"]
[PlyCount "55"]
[EventDate "2020.09.01"]
[EventType "swiss (blitz)"]
[EventRounds "10"]
[EventCountry "USA"]
[SourceTitle "EXT 2021"]
[Source "ChessBase"]
[SourceDate "2020.10.23"]
[SourceVersion "1"]
[SourceVersionDate "2020.10.23"]
[SourceQuality "1"]

1. d4 e6 2. Nf3 c5 3. e3 d5 4. c3 Nf6 5. Nbd2 Nc6 6. Bd3 Bd6 7. dxc5 Bxc5 8. b4
Bd6 9. Bb2 O-O 10. O-O a6 11. a3 b5 12. a4 Rb8 13. axb5 axb5 14. Nd4 Nxd4 15.
exd4 e5 16. dxe5 Bxe5 17. h3 Bc7 18. Nf3 Ne4 19. Bxe4 dxe4 20. Qxd8 Bxd8 21.
Nd4 Bf6 22. Rfe1 Re8 23. Bc1 Bxd4 24. cxd4 Bb7 25. Be3 Bd5 26. Rec1 Bc4 27. Ra7
h6 28. h4 1/2-1/2

[Event "Titled Tuesday intern op 1st Sept"]
[Site "Chess.com INT"]
[Date "2020.09.01"]
[Round "8"]
[White "Grischuk, Alexander"]
[Black "Gukesh, Dommaraju"]
[Result "1-0"]
[WhiteElo "2777"]
[BlackElo "2563"]
[PlyCount "73"]
[EventDate "2020.09.01"]
[EventType "swiss (blitz)"]
[EventRounds "10"]
[EventCountry "USA"]
[SourceTitle "EXT 2021"]
[Source "ChessBase"]
[SourceDate "2020.10.23"]
[SourceVersion "1"]
[SourceVersionDate "2020.10.23"]
[SourceQuality "1"]

1. e4 c5 2. Nf3 Nc6 3. Bb5 g6 4. Bxc6 dxc6 5. d3 Bg7 6. h3 Nf6 7. a4 a5 8. O-O
Nd7 9. Na3 e5 10. Be3 b6 11. Qc1 O-O 12. Bh6 f6 13. Nh2 Qe7 14. Kh1 Rd8 15.
Bxg7 Kxg7 16. Nc4 Ba6 17. b3 Bxc4 18. bxc4 Nf8 19. Rb1 Rab8 20. f4 exf4 21.
Qxf4 Ne6 22. Qh4 g5 23. Qh5 Nf4 24. Rxf4 gxf4 25. Ng4 Rd6 26. Rf1 Qf7 27. Qh6+
Kh8 28. Qxf4 Qe7 29. Nh6 Rdd8 30. e5 Rf8 31. exf6 Qe6 32. Qg5 Rb7 33. Rf3 Qe1+
34. Kh2 Qe6 35. Rg3 Rd7 36. Qg7+ Rxg7 37. fxg7# 1-0

[Event "Titled Tuesday intern op 1st Sept"]
[Site "Chess.com INT"]
[Date "2020.09.01"]
[Round "9"]
[White "Demidov, Mikhail"]
[Black "Grischuk, Alexander"]
[Result "1-0"]
[WhiteElo "2519"]
[BlackElo "2777"]
[PlyCount "119"]
[EventDate "2020.09.01"]
[EventType "swiss (blitz)"]
[EventRounds "10"]
[EventCountry "USA"]
[SourceTitle "EXT 2021"]
[Source "ChessBase"]
[SourceDate "2020.10.23"]
[SourceVersion "1"]
[SourceVersionDate "2020.10.23"]
[SourceQuality "1"]

1. Nf3 Nf6 2. g3 c5 3. Bg2 Nc6 4. O-O e5 5. d3 d5 6. Bg5 Be7 7. Nfd2 Be6 8. Nc3
Ng8 9. Bxe7 Ngxe7 10. a3 Qd7 11. Na4 b6 12. b4 cxb4 13. axb4 Rc8 14. c3 O-O 15.
Qb1 Bh3 16. Rc1 Bxg2 17. Kxg2 Nd8 18. Nf3 f6 19. c4 Ne6 20. Nb2 Qb7 21. Qa2 Rc7
22. cxd5 Qxd5 23. Rxc7 Qxa2 24. Rxa2 Nxc7 25. Rxa7 Rc8 26. Nc4 Nc6 27. Rb7 Nd5
28. Nxb6 Nxb6 29. Rxb6 Kf7 30. Rb7+ Ne7 31. e3 Ke6 32. d4 e4 33. Nd2 f5 34. Nb3
Rc2 35. Nc5+ Kf6 36. Nd7+ Kf7 37. b5 Rb2 38. b6 g5 39. g4 f4 40. exf4 gxf4 41.
Rc7 e3 42. b7 e2 43. Ne5+ Ke6 44. Nd3 Rb1 45. Nxf4+ Kd6 46. Rxe7 Kxe7 47. Nxe2
Rxb7 48. Kf3 Kf6 49. Ng3 Rb3+ 50. Ke4 Kg5 51. h3 Kh4 52. Nf5+ Kxh3 53. f3 Kg2
54. d5 Rb4+ 55. Nd4 Rb1 56. d6 Re1+ 57. Kd5 Re8 58. d7 Rd8 59. Kd6 Kg3 60. Ke7
1-0

[Event "Titled Tuesday intern op 1st Sept"]
[Site "Chess.com INT"]
[Date "2020.09.01"]
[Round "10"]
[White "Grischuk, Alexander"]
[Black "Balakrishnan, Praveen"]
[Result "0-1"]
[WhiteElo "2777"]
[BlackElo "2498"]
[PlyCount "110"]
[EventDate "2020.09.01"]
[EventType "swiss (blitz)"]
[EventRounds "10"]
[EventCountry "USA"]
[SourceTitle "EXT 2021"]
[Source "ChessBase"]
[SourceDate "2020.10.23"]
[SourceVersion "1"]
[SourceVersionDate "2020.10.23"]
[SourceQuality "1"]

1. e4 c5 2. Nf3 d6 3. d4 cxd4 4. Nxd4 Nf6 5. Nc3 Nc6 6. Bg5 e6 7. Qd2 a6 8.
Nxc6 bxc6 9. O-O-O Be7 10. Bxf6 gxf6 11. Bc4 Qb6 12. f4 d5 13. Bb3 Bb7 14. Qe2
d4 15. Na4 Qb5 16. c4 dxc3 17. Nxc3 Qxe2 18. Nxe2 Bc5 19. Rd3 Ke7 20. Rhd1 Rad8
21. Rxd8 Rxd8 22. Rxd8 Kxd8 23. Kd2 a5 24. Kd3 Ba6+ 25. Bc4 Bc8 26. g4 Ke7 27.
h4 Bf2 28. h5 Kd6 29. a4 Kc5 30. f5 Kd6 31. Nf4 Ke5 32. Ng6+ Kd6 33. b3 Bg3 34.
Ke3 h6 35. Kf3 Be1 36. Nf4 Bd2 37. Nd3 Bc3 38. Ke3 c5 39. Nf4 Bd4+ 40. Kf3 Bc3
41. Nd3 Bd4 42. Ke2 Bc3 43. Kd1 Bb7 44. Nf4 Be5 45. Nd3 Bxe4 46. fxe6 fxe6 47.
Ke2 Bd4 48. Nf4 f5 49. Bxe6 Ke5 50. Bxf5 Kxf4 51. Bxe4 Kxe4 52. Kd2 Kf4 53. Kd3
Kxg4 54. b4 cxb4 55. Kxd4 Kxh5 0-1

[Event "Chess24 Banter Blitz Cup Final"]
[Site "chess24.com INT"]
[Date "2020.09.22"]
[Round "1.1"]
[White "Grischuk, Alexander"]
[Black "Mamedov, Rauf"]
[Result "1-0"]
[WhiteElo "2777"]
[BlackElo "2654"]
[PlyCount "69"]
[EventDate "2020.09.21"]
[EventType "k.o. (blitz)"]
[EventRounds "4"]
[EventCountry "GER"]
[SourceTitle "EXT 2021"]
[Source "ChessBase"]
[SourceDate "2020.10.23"]
[SourceVersion "1"]
[SourceVersionDate "2020.10.23"]
[SourceQuality "1"]

1. Nf3 Nf6 2. g3 g6 3. c4 Bg7 4. Nc3 O-O 5. Bg2 c6 6. e4 d5 7. cxd5 cxd5 8. e5
Ne4 9. O-O Nc6 10. d4 Nxc3 11. bxc3 Bf5 12. Nh4 Bc8 13. f4 e6 14. Nf3 b6 15.
Ba3 Re8 16. h4 Na5 17. h5 Nc4 18. Bc1 b5 19. Rf2 a5 20. a3 Nb6 21. Raa2 Na4 22.
Rac2 Ra7 23. Bf1 Bd7 24. Rh2 Rc7 25. Bd2 Qe7 26. hxg6 hxg6 27. Ng5 Rec8 28. Qg4
Nxc3 29. Bxc3 Rxc3 30. Rcf2 Qxa3 31. Rh3 Rc1 32. Rh7 Qe3 33. Qh4 Kf8 34. Rxg7
Be8 35. Nxe6+ 1-0

[Event "Chess24 Banter Blitz Cup Final"]
[Site "chess24.com INT"]
[Date "2020.09.22"]
[Round "1.2"]
[White "Mamedov, Rauf"]
[Black "Grischuk, Alexander"]
[Result "1/2-1/2"]
[WhiteElo "2654"]
[BlackElo "2777"]
[PlyCount "118"]
[EventDate "2020.09.21"]
[EventType "k.o. (blitz)"]
[EventRounds "4"]
[EventCountry "GER"]
[SourceTitle "EXT 2021"]
[Source "ChessBase"]
[SourceDate "2020.10.23"]
[SourceVersion "1"]
[SourceVersionDate "2020.10.23"]
[SourceQuality "1"]

1. e4 c5 2. c3 Nf6 3. e5 Nd5 4. Bc4 Nb6 5. Bb3 Nc6 6. d4 cxd4 7. cxd4 d5 8. Bc2
Nb4 9. Nc3 Nxc2+ 10. Qxc2 Bg4 11. h3 Bd7 12. Nge2 e6 13. Qd3 Rc8 14. O-O Qh4
15. a4 a5 16. b3 Be7 17. Bd2 O-O 18. Nb5 Qe4 19. Qxe4 dxe4 20. Ng3 Nd5 21. Nxe4
Bxb5 22. axb5 b6 23. Rfc1 h6 24. Rc4 Rcd8 25. Rc6 Rd7 26. Nc3 Rb8 27. Na4 Bd8
28. Rac1 Kf8 29. Nb2 Nc7 30. Rd6 Ke8 31. Nc4 Nxb5 32. Rxd7 Kxd7 33. Be3 Bc7 34.
Kf1 Na7 35. Ke2 Nc6 36. Kd3 Nb4+ 37. Ke4 b5 38. Nb2 f5+ 39. exf6 gxf6 40. g4 h5
41. Bd2 hxg4 42. hxg4 Nd5 43. Nd3 Bb6 44. Rh1 a4 45. b4 a3 46. Ra1 Ra8 47. Ra2
Bc7 48. Nc5+ Ke7 49. Kd3 Bd6 50. Kc2 e5 51. dxe5 fxe5 52. Kb3 Bxc5 53. bxc5 b4
54. Rc2 Ke6 55. f3 Rc8 56. Rc4 Rb8 57. Rc2 Rc8 58. Rc4 Rb8 59. Rc2 Rc8 1/2-1/2